Romancero gitano: 1924-1927

Guardat en:
Dades bibliogràfiques
Autor principal: García Lorca, Federico (autor)
Format: Llibre
Idioma:espanyol
Publicat: Buenos Aires Losada 1964
Edició:10a. ed
Col·lecció:Biblioteca Contemporánea
Matèries:
Etiquetes: Afegir etiqueta
Sense etiquetes, Sigues el primer a etiquetar aquest registre!

MARC

LEADER 00000nam a2200000 a 4500
001 UCH6837
003 CL-VaPUC
008 091109e19640000AG |||||||||||||||||spa|d
082 0 4 |a 861  |b GAR  |2 21 
100 |a García Lorca, Federico   |e autor   |9 315690 
245 1 0 |a Romancero gitano: 1924-1927 
250 |a 10a. ed 
300 |a 117 p 
942 |c BK 
945 |d 20091109 00:00:00  |a lazolas 
260 |a Buenos Aires  |b Losada  |c 1964 
650 0 |a Poesías españolas  |9 265100 
583 |a last modification  |c 20091109 00:00:00  |k Rodrigo Vera 
490 0 |a Biblioteca Contemporánea 
999 |c 337656  |d 337654